| 000 | 00455 a2200181 4500 | ||
|---|---|---|---|
| 005 | 20260116160935.0 | ||
| 008 | 260115b |||||||| |||| 00| 0 eng d | ||
| 020 |
_a9789367717127 _cRs. 1495.00 |
||
| 040 | _aMAIN | ||
| 082 |
_a294.5 _bB812W |
||
| 100 | _aBrown, Brian | ||
| 245 | _aWisdom of the Hindus | ||
| 260 |
_aNew Delhi _bShri Sai Printographers _c2025 |
||
| 300 | _a172 | ||
| 650 | _aReligion | ||
| 650 | _aHindu Religion | ||
| 942 | _cBK | ||
| 999 |
_c394316 _d394316 |
||